[Event "Barceloneta op"]
[Site "Barcelona"]
[Date "2001.11.17"]
[Round "8"]
[White "Subirats Torres, Arlo"]
[Black "Corriguelas Armillas, Frederic"]
[Result "0-1"]
[WhiteElo "1790"]
[BlackElo "1980"]
[PlyCount "102"]
[EventDate "2001.09.29"]
[EventType "swiss"]
[EventRounds "9"]
[EventCountry "ESP"]
[SourceTitle "CBM 085 Extra"]
[Source "ChessBase"]
[SourceDate "2002.01.21"]
[SourceVersion "1"]
[SourceVersionDate "2002.01.21"]
[SourceQuality "1"]

1. e4 e6 2. Nf3 d5 3. exd5 exd5 4. d4 Nf6 5. Bd3 Be7 6. 0-0 Bg4 7. Re1 0-0 8. c3 c5 9. dxc5 Bxc5 10. Bg5 Qb6 11. Qc2 Bxf3 12. Bxf6 Qxf6 13. gxf3 h6 14. Qe2 Nc6 15. Nd2 Bd6 16. Nf1 Ne5 17. Kg2 Ng6 18. Bxg6 Qxg6+ 19. Kh1 Qg5 20. Ng3 Qf4 21. Qe3 Qxe3 22. fxe3 Rad8 23. Rad1 Bc5 24. Nf5 Kh7 25. Nd4 Rfe8 26. Kg2 Re7 27. Kf2 Red7 28. Rg1 g6 29. f4 Re8 30. Rge1 Re4 31. Rd2 Rde7 32. Rd3 Bxd4 33. cxd4 Kg7 34. Rc3 Kf6 35. Kf3 Ke6 36. Ra3 a6 37. Ra5 Kd6 38. h4 h5 39. Re2 Rc7 40. Kg3 Rc4 41. Kf3 Rc1 42. Kf2 Re7 43. Ra3 Rec7 44. Rb3 Ke6 45. Rb6+ R7c6 46. Rxc6+ Rxc6 47. Kg2 Kf5 48. Kf3 Rc1 49. Rh2 Rf1+ 50. Kg2 Ra1 51. a3 Ke4 0-1